LIBRARY & INFORMATION CENTRE, KCAET, TAVANUR

ONLINE PUBLIC ACCESS CATALOGUE (OPAC)

Open hearth practice: a hand book / (Record no. 9141)

MARC details
000 -LEADER
fixed length control field 00514cam a2200205ua 4500
041 ## - LANGUAGE CODE
Language code of text/sound track or separate title eng
082 ## - DEWEY DECIMAL CLASSIFICATION NUMBER
Classification number 542.4
Item number BOR/OP
100 ## - MAIN ENTRY--AUTHOR NAME
Personal name Bornatsky, I .
245 ## - TITLE STATEMENT
Title Open hearth practice: a hand book /
250 ## - EDITION STATEMENT
Edition statement 1 /
260 ## - PUBLICATION, DISTRIBUTION, ETC. (IMPRINT)
Place of publication Moscow :
Name of publisher Foreign Language Publishing House ,
Year of publication 1961.
300 ## - PHYSICAL DESCRIPTION
Number of Pages 337 ; .
700 1# - ADDED ENTRY--PERSONAL NAME
Personal name Kotrovsky, M .
700 1# - ADDED ENTRY--PERSONAL NAME
Personal name Yargin, Y .
942 ## - ADDED ENTRY ELEMENTS (KOHA)
Koha item type Books
Holdings
Withdrawn status Lost status Damaged status Home library Current library Date acquired Full call number Accession Number Koha item type
      KAUAET KAUAET 07/04/2012 542.4 BOR/OP 3648 Books
free website counter